German Shepherd fun facts - Statistics

General Stats
  • This quiz has been taken 41 times
    39 since last reset
  • The average score is 6 of 9
Answer Stats
Question Answer % Correct
German Shepherds have the highest bite record of any breed. False
100%
Males are more Vicious then females False
100%
Who was the German Shepherd who had the biggest litter, and how many pups did she have, (in TOTAL not just surviving pups) Mosha, 17
100%
Who is the largest LIVING German Shepherd Duke
75%
Female German Shepherds are not allowed to be Service or Police dogs False
75%
What was the German Shepherd bred for? Hearding
75%
Three traits of German Shepherds, (Again ALL have to be true!) Loyal, Protective, Intelligent
75%
Who are three famous German Shepherds? (ALL of the Shepherds listed have to be famous!) Rin-Tin-Tin, Strongheart, and Rumor
25%
What color can a German Shepherd be? (ALL have to apply!) Black & Sable, Black, White, Red, Panda, Silver...etc
0%
No matching quizzes found
Score Distribution
Percent of People with Each Score
Percentile by Number Answered
Your Score History
You have not taken this quiz since the last reset